Histoire de l'art depuis les origines jusqu'a nos jours. (Record no. 158460)
[ view plain ]
| 000 -LEADER | |
|---|---|
| fixed length control field | 01065cam2a220025300 4500 |
| 001 - CONTROL NUMBER | |
| control field | tmp15706153 |
| 003 - CONTROL NUMBER IDENTIFIER | |
| control field | UPRA |
| 005 - DATE AND TIME OF LATEST TRANSACTION | |
| control field | 20190826090023.0 |
| 008 - FIXED-LENGTH DATA ELEMENTS--GENERAL INFORMATION | |
| fixed length control field | 951009m19471953fr fre u |
| 035 ## - SYSTEM CONTROL NUMBER | |
| System control number | (Sirsi) r59383 |
| 035 ## - SYSTEM CONTROL NUMBER | |
| System control number | (UPRA)tmp15706153 |
| 040 ## - CATALOGING SOURCE | |
| Transcribing agency | UPRA |
| 100 1# - MAIN ENTRY--PERSONAL NAME | |
| Personal name | Terrasse, Charles, 1893- |
| Dates associated with a name | Terrasse, Charles, 1893- |
| Linkage | A18729.1 |
| 245 10 - TITLE STATEMENT | |
| Title | Histoire de l'art depuis les origines jusqu'a nos jours. |
| 250 ## - EDITION STATEMENT | |
| Edition statement | Ed. rev. et augm. |
| 260 ## - PUBLICATION, DISTRIBUTION, ETC. | |
| Place of publication, distribution, etc. | Paris : |
| Name of publisher, distributor, etc. | H. Laurens, |
| Date of publication, distribution, etc. | 1947-53. |
| 504 ## - BIBLIOGRAPHY, ETC. NOTE | |
| Bibliography, etc. note | Bibliographie sommaire": v. 1, p. (239)-241; v. 2, p. (239)-242; v. 3. p. (239)-242. |
| 505 0# - FORMATTED CONTENTS NOTE | |
| Formatted contents note | [I] Epoque prehistorique, antiquite, art chretien, art byzantin, art musulman -- [II] Art roman, art gothique, renaissance. -- [III] Temps modern et contemporains, Extreme Orient. |
| 650 #0 - SUBJECT ADDED ENTRY--TOPICAL TERM | |
| Topical term or geographic name entry element | Art -- History. |
| General subdivision | Art -- History. |
| Linkage | S3758.1 |
| 949 ## - LOCAL PROCESSING INFORMATION (OCLC) | |
| a | N5300 |
| v | VOL. 1 |
| w | lcc |
| i | -77950 |
| m | MAIN |
| t | BOOK |
| l | ON-SHELF |
| 949 ## - LOCAL PROCESSING INFORMATION (OCLC) | |
| a | N5300 |
| v | VOL. 2 |
| w | lcc |
| i | -77951 |
| m | MAIN |
| t | BOOK |
| l | ON-SHELF |
| 949 ## - LOCAL PROCESSING INFORMATION (OCLC) | |
| a | N5300 |
| v | VOL. 3 |
| w | lcc |
| i | -77952 |
| m | MAIN |
| t | BOOK |
| l | ON-SHELF |
No items available.